00645 2200217 4500001002100000005001700021008004100038020001800079035002500097082001300122090002000135100001700155245006900172250001800241260003400259300003400293500002700327650004500354850001200399990001600411YOGYA-0209000001261320150309120338.0 ind  a979-533-182-5 a0010-020900000012613 a001.6425 a001.6425bSur T aSURVIVALIADI aTip dan trik penggunaan lotus 1-2-3 release 2.30c/ Survivaliadi aEd. 2, cet. 1 aYogyakartabAndi Offsetc1994 aviii, 195 hlm.bilus.c23 cm. aBibliografi : hlm. 184 aLotus 123 release 2.3 (Program komputer) aYOPDYOG a103102-P/97